Αριστοφάνους Εκκλησιάζουσαι
Αποθηκεύτηκε σε:
| Κύριος συγγραφέας: | |
|---|---|
| Άλλοι συγγραφείς: | |
| Μορφή: | Βιβλίο |
| Γλώσσα: | Greek |
| Δημοσίευση: |
Αθήνα :
Πάπυρος,
c1975
|
| Σειρά: | Τα άπαντα των αρχαίων Ελλήνων συγγραφέων ;
; 68 |
| Θέματα: | |
| Ετικέτες: |
Προσθήκη ετικέτας
Δεν υπάρχουν, Καταχωρήστε ετικέτα πρώτοι!
|
MARC
| LEADER | 00000nam a2200000 i 4500 | ||
|---|---|---|---|
| 001 | 1/41421 | ||
| 008 | 961024s1975 gre d | ||
| 035 | |l 10025408 | ||
| 040 | |a GR-MY-UA |b gre |e aacr | ||
| 041 | 0 | |a gre | |
| 082 | 0 | |a 882.21 | |
| 100 | 0 | |a Αριστοφάνης, |d π. 450-π. 385. | |
| 245 | 1 | 0 | |a Αριστοφάνους Εκκλησιάζουσαι / |c Αριστοφάνης ; Νικ. Φίλιππας |
| 260 | |a Αθήνα : |b Πάπυρος, |c c1975 | ||
| 300 | |a 85 σ. | ||
| 490 | 1 | |a Τα άπαντα των αρχαίων Ελλήνων συγγραφέων |v ; 68 | |
| 500 | |a Φυλλάδιο | ||
| 600 | 0 | 0 | |a Αριστοφάνης, |d π. 450-π. 385. |
| 650 | 0 | 0 | |a Greek drama (Comedy) |
| 650 | 0 | 0 | |a Classical drama (Comedy) |
| 700 | 1 | |a Φίλιππας, Νικόλαος Σπ. | |
| 830 | 0 | |a Τα άπαντα των αρχαίων Ελλήνων συγγραφέων ; |v ; 68 | |
| 852 | |a INST |b CHIOS |e 19961024 |h 882.21 ΑΡΙ |p 005200011174 |q 005200011174 |t BK |y 0 | ||
| 909 | |a Χ |b 047639 | ||
| 909 | |a Χ |b 047640 | ||
| 909 | |a Χ |b 047641 | ||